| 000 | 02305nam a2200409 i 4500 | ||
|---|---|---|---|
| 001 | 193225 | ||
| 003 | SpMaBN | ||
| 005 | 20250807124652.0 | ||
| 007 | ta | ||
| 008 | 120921s2012 sp | |||| 000 f spa | ||
| 017 |
_aM 7542-2018 _bOficina Depósito Legal Madrid |
||
| 020 | _a9788494728365 | ||
| 035 | _aa5261924 | ||
| 040 |
_aSpMaBN _bspa _cSpMaBN _erdc |
||
| 080 | _a821.134.2-31"19" | ||
| 100 | 1 |
_aGonzalo Aizpiri, Arturo, _d1963- _0XX955489 _eaut _9234343 |
|
| 245 | 1 | 3 |
_aEl heredero de Tartessos / _cArturo Gonzalo Aizpiri |
| 250 | _aSegunda edición 2018 | ||
| 260 |
_a[Madrid] : _bEvohé, _c2018 |
||
| 300 |
_a407 páginas ; _c24 cm |
||
| 336 |
_aTexto (visual) _2isbdcontent |
||
| 337 |
_asin mediación _2isbdmedia |
||
| 338 |
_2rdacarrier _avolumen |
||
| 490 | 1 | _aNovela histórica | |
| 500 | _aGlosario | ||
| 504 | _aBibliografía: página 407 | ||
| 520 | _aUna tarde de comienzos de verano, junto a un cruce de caminos en el corazón de los montes ólcades, un joven celtíbero es testigo de un combate entre soldados cartagineses y guerreros oretanos. El celtíbero se ve impulsado a tomar partido, y esa decisión lo conducirá a conocer aspectos insospechados de su propio pasado y a jugar un papel protagonista en los trascendentales acontecimientos que están a punto de cambiar el destino de Ispania. La huella del legendario reino de Tartessos, el avance irresistible de Amílcar Barca por el valle del Betis y la resistencia desesperada de la ciudad íbera de Hélike, se entrelazan en un fascinante fresco histórico, que recrea aquel tiempo en que las serranías del interior de la península ibérica se convirtieron de pronto en el escenario decisivo de la lucha por el poder en el mundo antiguo. | ||
| 655 | 7 |
_aNovelas históricas _2tgfbne _9226782 |
|
| 830 |
_aNovelas históricas _9183759 |
||
| 852 |
_aES-MaACL _bR. 154621 _cDEPOJ _9200646 _hDonación: Arturo Gonzalo Aizpiri _xEncuadernación rústica con solapas |
||
| 903 |
_aGonzalo Aizpiri, Arturo, _d1963- _ednr _9234343 |
||
| 942 |
_n0 _cMONOGRAFIA |
||
| 999 |
_c193225 _d193225 |
||